Buổi liên hoan trong vườn

Đã lưu trong:
书目详细资料
格式: 图书
语言:Undetermined
出版: Hà Nội Phụ nữ 2004
主题:
标签: 添加标签
没有标签, 成为第一个标记此记录!
Thư viện lưu trữ: Trung tâm Học liệu Trường Đại học Cần Thơ
LEADER 00436nam a2200169Ia 4500
001 CTU_94561
008 210402s9999 xx 000 0 und d
020 |c 50000 
082 |a 808.83 
082 |b B515 
245 0 |a Buổi liên hoan trong vườn 
260 |a Hà Nội 
260 |b Phụ nữ 
260 |c 2004 
650 |a Short stories 
904 |i Trúc 
980 |a Trung tâm Học liệu Trường Đại học Cần Thơ